00599 2200169 4500001002100000005001500021035002000036007000300056008004100059084001400100100002200114245017800136260003300314300001200347650001600359710005400375INLIS00000000000265320250719030702 a0010-0725000053ta250719 0 ind  a2024.25.L0 aDyah Sulistyowati1 aPEMUTAKHIRAN DATA HS CODE PADA SISTEM REGALKES MELALUI CRASH PROGRAM DAN PENGEMBANGAN SISTEM REGISTRASI ALAT KESEHATAN (REGALKES) :bAksi Perubahan 2024 /cDyah Sulistyowati aCiloto :bBBPK Ciloto,c2024 a96 hlm. 4alaporan PKP2 aDirektorat Produksi dan Distribusi Alat Kesehatan